Welcome to CU Library Online Public Access Catalogue (OPAC)

The nature of the judicial process (Record no. 131)

MARC details
000 -LEADER
fixed length control field 00678nam a2200205 4500
001 - CONTROL NUMBER
control field FRBNF37438270000000X
003 - CONTROL NUMBER IDENTIFIER
control field http://catalogue.bnf.fr/ark:/12148/cb374382709
005 - DATE AND TIME OF LATEST TRANSACTION
control field 20241023115138.0
008 - FIXED-LENGTH DATA ELEMENTS--GENERAL INFORMATION
fixed length control field 241023b |||||||| |||| 00| 0 eng d
020 ## - INTERNATIONAL STANDARD BOOK NUMBER
International Standard Book Number 9781110564033
040 ## -
-- Central University Library
050 ## - LIBRARY OF CONGRESS CALL NUMBER
Classification number KF380
Item number .C32 1921
100 ## - MAIN ENTRY--PERSONAL NAME
Personal name Cardozo, Benjamin N.
245 ## - TITLE STATEMENT
Title The nature of the judicial process
Statement of responsibility, etc. Cardozo, Benjamin N.
260 ## - PUBLICATION, DISTRIBUTION, ETC.
Place of publication, distribution, etc. New York
Name of publisher, distributor, etc. Yale University Press
Date of publication, distribution, etc. c1921
300 ## - PHYSICAL DESCRIPTION
Extent 180 pages;
Dimensions 20cm
650 ## - SUBJECT ADDED ENTRY--TOPICAL TERM
Source of heading or term Judicial Process
700 ## - ADDED ENTRY--PERSONAL NAME
Materials specified 12343132
Arranged statement for music ISNI0000000110444818
Personal name Cardozo
Numeration Benjamin Nathan
Date of a work 1870-1938
Relationship 070
942 ## - ADDED ENTRY ELEMENTS (KOHA)
Source of classification or shelving scheme Library of Congress Classification
Koha item type Books
Suppress in OPAC No
999 ## -
-- 131
-- 131
Holdings
Withdrawn status Lost status Source of classification or shelving scheme Damaged status Not for loan Collection Home library Current library Shelving location Date acquired Total checkouts Full call number Barcode Date last seen Copy number Price effective from Koha item type
    Library of Congress Classification     Non-fiction Law Library (Miotso) Law Library (Miotso) Reference 10/22/2024   KF380.C32 CAR llm00000207 10/23/2024 1 10/22/2024 Books
    Library of Congress Classification     Non-fiction Law Library (Miotso) Law Library (Miotso) General stacks 10/23/2024   KF380.C32 CAR LLM00000216 10/23/2024 2 10/23/2024 Books
© 2023-2024 Copyright: Central University Libraries. All Rights Reserved | Created by: Mahone Tech Office